| 000 | 00458nam a22001697a 4500 | ||
|---|---|---|---|
| 003 | OSt | ||
| 005 | 20251007051102.0 | ||
| 008 | 250818b |||||||| |||| 00| 0 eng d | ||
| 020 | _a978-0-515-14536-6 | ||
| 040 |
_aDWCL MAIN LIB _cOC |
||
| 082 | _aFic. D592f 2008 | ||
| 100 | _aDIONNE, KARENEEE | ||
| 245 |
_aFreezing point / _cDIONNE, KARENEEE |
||
| 260 |
_aNew York : _bJove Books, _cc2008. |
||
| 300 |
_a303 pages ; _c18 cm. |
||
| 942 |
_2ddc _cFIC. _kFic. _n0 |
||
| 999 |
_c3990 _d3990 |
||